000 00730nam a2200229Ia 4500
003 OSt
005 20260218105413.0
008 220923b |||||||| |||| 00| 0 eng d
020 _a9780521596367
037 _cGeneral Book
040 _aRTL
_cRTL
_beng
041 _2eng
_aeng
084 _aX:(Z,2) N8/TD
_qRTL
100 _aHann C.M.
_9249127
245 0 _aProperty relations
_b Renewing the anthropological tradition
260 _aNew York
_bCambridge University Press
_c1998
300 _ax, 277p.
_bincludes bibliographical references and index
500 _aBibliography: P 254-70
650 _aEconomic Law
_91116164
942 _hX:(Z,2) N8/TD1
_cTB
_2CC
999 _c622520
_d622520